Bramkarze reprezentacji Francji - Statystyki

Ogólne statystyki
  • Ten quiz został rozwiązany 795 razy
  • Średni wynik to 3 z 6
Statystyki odpowiedzi
Bramkarz Występy % Poprawnych
Hugo Lloris 145
96%
Mike Maignan 22
71%
Steve Mandanda 35
44%
Fabien Barthez 49
40%
Grégory Coupet 34
11%
Mickaël Landreau 11
3%
Nie znaleziono quizów pasujących do podanych kryteriów
Rozkład punktacji
Procent ludzi z każdym wynikiem
Percentyl według liczby udzielonych odpowiedzi
Twoja historia wyników
Nie rozwiązałeś tego quizu